| 000 | 00388nam a2200145Ia 4500 | ||
|---|---|---|---|
| 008 | 150128s9999 xx 000 0 und d | ||
| 020 | _a0553212605 | ||
| 050 |
_aCLA _bSt4k 1982 |
||
| 100 | _aStevenson, Robert Louis. | ||
| 245 | _aKidnapped / | ||
| 250 | _aRobert Louis Stevenson. | ||
| 260 |
_aNew York: _bBantam Books, _c1982. |
||
| 300 |
_a224 pages : _c18 cm. |
||
| 650 | _xFiction. | ||
| 999 |
_c278903 _d278903 |
||